| 000 | 01237cam a2200289 a 4500 | ||
|---|---|---|---|
| 005 | 20191224041648.0 | ||
| 008 | 970919t1997 flua grb 001 0 eng d | ||
| 020 | _a1884015727 (acidfree paper) | ||
| 040 |
_aKyLxTI _cKyLxTI _dDLC _dCO-BoIAVH |
||
| 041 | _aeng | ||
| 042 | _alccopycat | ||
| 082 | 0 | 0 |
_a333.7 _bI61a |
| 245 | 0 | 3 |
_aAn Introduction to ecological economics / _cRobert Costanza ... [et al.]. |
| 246 | 3 | 0 | _aEcological economics |
| 260 |
_aBoca Raton, Fla. : _bSt. Lucie Press ; _a[s.l.] : _bInternational Society for Ecological Economics, _cc1997. |
||
| 300 |
_axii, 275 p. : _bill. ; _c24 cm. |
||
| 504 | _aIncludes bibliographical references (p. 243-265) and index. | ||
| 650 | 0 |
_aEconomic development _xEnvironmental aspects. _956863 |
|
| 650 | 0 |
_aDesarrollo economico _xAspectos ambientales _956864 |
|
| 650 | 0 |
_aEnvironmental economics. _931518 |
|
| 700 | 1 |
_aCostanza, Robert. _9189 |
|
| 710 | 2 |
_aInternational Society for Ecological Economics. _954105 |
|
| 856 | 7 |
_3Table of contents _uhttp://lcweb.loc.gov/catdir/toc/97-204572.html _2http |
|
| 856 | 4 | 2 |
_3Publisher description _uhttp://www.loc.gov/catdir/enhancements/fy0744/97204572-d.html |
| 942 |
_2ddc _cLIBRO |
||
| 999 |
_c2728 _d2728 |
||